Devinez la Capitale Mystère #95 - Statistiques

Statistiques générales
  • Ce quiz a été pris 148 fois
  • Le résultat moyen est 24 sur 34
Statistiques - réponses
Type de Réponse Réponse % Correct
Lettre Trouvée A
100%
Lettre de l'Alphabet I
100%
Lettre de l'Alphabet R
99%
Lettre de l'Alphabet S
98%
Lettre Trouvée E
96%
Lettre Trouvée N
96%
Lettre de l'Alphabet L
95%
Lettre de l'Alphabet O
95%
Lettre Trouvée B
94%
Lettre de l'Alphabet D
89%
Lettre Trouvée M
89%
Lettre de l'Alphabet T
87%
Lettre de l'Alphabet P
86%
Lettre de l'Alphabet G
80%
Lettre de l'Alphabet K
77%
Lettre Bien Placée M
76%
Lettre de l'Alphabet U
76%
Lettre Bien Placée N
74%
Lettre de l'Alphabet C
70%
Lettre de l'Alphabet H
69%
Lettre de l'Alphabet V
69%
Lettre de l'Alphabet W
63%
Lettre Bien Placée B
56%
Lettre de l'Alphabet Y
54%
Lettre Bien Placée A
49%
Lettre de l'Alphabet J
48%
Lettre de l'Alphabet X
48%
Lettre Bien Placée A
47%
Lettre Bien Placée E
45%
Lettre de l'Alphabet Z
39%
Lettre de l'Alphabet F
38%
Lettre de l'Alphabet Q
33%
Lettre Bien Placée B
28%
Capitale Mystère Mbabane
27%
Aucun quiz correspondant
Distribution des résultats
% des personnes avec chaque résultat
Percentile par nombre de réponses
Votre historique - résultats
Vous n’avez pas pris ce quiz